000
00296nam a22001337a 4500
008
170829b xxu||||| |||| 00| 0 eng d
020
_a
35405256839
041
_a
eng
080
_a
070
100
_a
39
101
_a
MED
245
_a
ADVANCED INFORMATON PROCESING
_c
NIZIN.I
942
_2
udc
_c
BK
999
_c
25360
_d
25360